000 01050nam a2200253Ia 4500
003 OSt
005 20220923220237.0
006 a|||||r|||| 00| 0
007 ta
008 220922b |||||||| |||| 00| 0 hin d
024 _a185,382
037 _cTextual
040 _aARTS
_cARTS
_bhin
041 _2hin
_ahin
082 _aO152,1(Q224):g(Y15), M7
100 _aभारती, आशा
245 0 _aरामकथा के नारी पात्र
_b संस्कृत एवं हिन्दी की प्रमुख साहित्यिक रचनाओं के आधार पर
246 _aRāmakathā ke nārī pātra: sanskṛut evan hindī kī pramukh sāhityik rachanāoan ke ādhār para
260 _aनई दिल्ली
_b शारदा प्रकाशन
_c1987
300 _a440 पृ.
_ccm.
650 _aहिन्दी साहित्य
_9156264
942 _hO152,1(Q224):g(Y15), M7
_cTEXL
_2CC
999 _c338628
_d338628